000 00422nmm a2200157Ia 4500
008 251105s9999||||xx |||||||||||||||||und||
020 _a8482809865
041 _aspa
100 _aBalzac, Honoré de
245 0 _aPapá Goriot
264 _a[Bogotá, Colombia] :
_bOveja Negra,
_c1986
300 _a380 páginas
650 _aFrench narrative
856 _uhttps://public.digitaliapublishing.com/a/47850
942 _cCF
999 _c73736
_d73736